Vista normal Vista MARC

Entrada Topical Term

Número de registros utilizados en: 2

001 - CONTROL NUMBER

  • control field: 2685

003 - CONTROL NUMBER IDENTIFIER

  • control field: OSt

005 - DATE AND TIME OF LATEST TRANSACTION

  • control field: 20230705144413.0

008 - FIXED-LENGTH DATA ELEMENTS

  • fixed length control field: 230705|| aca||aabn | a|a d

040 ## - CATALOGING SOURCE

  • Original cataloging agency: OSt
  • Transcribing agency: OSt

150 ## - HEADING--TOPICAL TERM

  • Topical term or geographic name entry element: Psicología socia

670 ## - SOURCE DATA FOUND

  • Source citation: Work cat.: (OSt)6195: Saramago, José 1922-2010 2681, Ensayo sobre la ceguera









Instituto Departamental de Cultura del Meta - Red Departamental de Bibliotecas Públicas del Meta.